the study on illegal logging allong western border in kohkong province (ការសិក្សាអំពីបញ្ហាធ្វើអាជីវកម្មឈើហ៊ុបមូលដោយអំពើអណាធិបតេយ្យនៅតាមតំបន់ព្រំប្រទល់ប្រទេសខាងលិចក្នុងខេត្តកោះកុង (Record no. 3205)

000 -LEADER
fixed length control field 00745nam a22001577a 4500
003 - CONTROL NUMBER IDENTIFIER
control field OSt
005 - DATE AND TIME OF LATEST TRANSACTION
control field 20151106095140.0
008 - FIXED-LENGTH DATA ELEMENTS--GENERAL INFORMATION
fixed length control field 151106b xxu||||| |||| 00| 0 eng d
040 ## - CATALOGING SOURCE
Transcribing agency RUA
082 ## - DEWEY DECIMAL CLASSIFICATION NUMBER
Classification number FOR KOY 1997 B124 Or.1
100 ## - MAIN ENTRY--PERSONAL NAME
9 (RLIN) 3436
Personal name KOY, RA.
245 ## - TITLE STATEMENT
Title the study on illegal logging allong western border in kohkong province (ការសិក្សាអំពីបញ្ហាធ្វើអាជីវកម្មឈើហ៊ុបមូលដោយអំពើអណាធិបតេយ្យនៅតាមតំបន់ព្រំប្រទល់ប្រទេសខាងលិចក្នុងខេត្តកោះកុង
260 ## - PUBLICATION, DISTRIBUTION, ETC. (IMPRINT)
Place of publication, distribution, etc. Phnom Penh
Name of publisher, distributor, etc. RUA
Date of publication, distribution, etc. 1997
300 ## - PHYSICAL DESCRIPTION
Extent 57p.
Other physical details ill.
Dimensions 29cm.
942 ## - ADDED ENTRY ELEMENTS (KOHA)
Source of classification or shelving scheme
Koha item type FOR
Holdings
Price effective from Date last seen Permanent Location Not for loan Date acquired Source of classification or shelving scheme Koha item type Barcode Lost status Damaged status Shelving location Withdrawn status Current Location Full call number
2015-11-062015-11-06Library Block B 2015-11-06 FORRUA035304  B124 Library Block BFOR KOY 1997 B124 Or.1
2015-11-062015-11-06Library Block B 2015-11-06 FORRUA035306  B124 Library Block BFOR KOY 1997 B124 Or.2
2015-11-062015-11-06Library Block B 2015-11-06 FORRUA035246  B124 Library Block BFOR KOY 1997 B124 Or.3
2015-11-062015-11-06Library Block B 2015-11-06 FORRUA037711  B124 Library Block BFOR KOY 1997 B124 Or.4
2015-11-062015-11-06Library Block B 2015-11-06 FORRUA037651  B124 Library Block BFOR KOY 1997 B124 Or.5
មជ្ឈមណ្ឌលឯការនៃសាកលវិទ្យាល័យភូមិន្ទកសិកម្មចំការដូង

Powered by Koha